All troops in Clash of Clans - Statistics

General Stats
  • This quiz has been taken 318 times
  • The average score is 17 of 19
Answer Stats
Hint Answer % Correct
normal elixir troop barbarian
100%
normal elixir troop archer
99%
normal elixir troop giant
98%
normal elixir troop goblin
96%
normal elixir troop dragon
95%
dark elixir troop hog rider
95%
normal elixir troop wizard
95%
normal elixir troop balloon
93%
normal elixir troop wall breaker
92%
dark elixir troop golem
91%
dark elixir troop minion
90%
normal elixir troop P.E.K.K.A
90%
dark elixir troop witch
87%
normal elixir troop healer
85%
normal elixir troop baby dragon
84%
dark elixir troop valkyrie
84%
normal elixir troop miner
80%
dark elixir troop lava hound
79%
dark elixir troop bowler
78%
No matching quizzes found
Score Distribution
Percent of People with Each Score
Percentile by Number Answered
Your Score History
You have not taken this quiz